| 000 | 00610nam a22001817a 4500 | ||
|---|---|---|---|
| 003 | OSt | ||
| 005 | 20251118130616.0 | ||
| 008 | 251118b |||||||| |||| 00| 0 eng d | ||
| 020 | _a971-501-951-X | ||
| 040 |
_aDWC-Main lib _cOC |
||
| 082 | _aFil. 220 C363 2003 | ||
| 245 | _aChristian community bible | ||
| 260 |
_aManila : _bClaretian Publications/St. Pauls, _c c2003 |
||
| 300 |
_a548 pages : _c21 cm. |
||
| 650 | _2Bible | ||
| 700 | _aCATHOLIC BISHOP'S CONFERENCE OF THE PHILIPPINES | ||
| 942 |
_2ddc _cBK - FIL _eCatholic pastoral edition, 34th _hFil 220 C363 2003 _kFil. _n0 |
||
| 999 |
_c5793 _d5793 |
||